MARC details
| 000 -CABECERA |
| campo de control de longitud fija |
00882nam a2200193 a 4500 |
| 001 - NÚMERO DE CONTROL |
| campo de control |
000041032 |
| 005 - FECHA Y HORA DE LA ÚLTIMA TRANSACCIÓN |
| campo de control |
20201002034551.0 |
| 008 - DATOS DE LONGITUD FIJA--INFORMACIÓN GENERAL |
| campo de control de longitud fija |
130913s1986 sp 001 0 spa d |
| 020 ## - NÚMERO INTERNACIONAL ESTÁNDAR DEL LIBRO |
| Número Internacional Estándar del Libro |
8400062434 |
| 040 ## - FUENTE DE LA CATALOGACIÓN |
| Centro catalogador/agencia de origen |
DO-SdBNP |
| Lengua de catalogación |
spa |
| Centro/agencia transcriptor |
BNPHU |
| 100 1# - ENTRADA PRINCIPAL--NOMBRE DE PERSONA |
| Nombre de persona |
Riera Melis, Antoni |
| 9 (RLIN) |
67515 |
| 245 13 - MENCIÓN DE TÍTULO |
| Título |
La corona de Aragon y el Reino de mallorca en el primer cuarto del siglo catorce : |
| Resto del título |
Las repercucines arancelarias de la autonomía balear (1298-1311) / |
| Mención de responsabilidad, etc. |
Antoni Riera Melis. |
| 260 ## - PUBLICACIÓN, DISTRIBUCIÓN, ETC. |
| Lugar de publicación, distribución, etc. |
Madrid : |
| Nombre del editor, distribuidor, etc. |
Consejo Superior de Invesigaciones Científicas: |
| -- |
Unidad de Investigación de Historia Medieval, |
| Fecha de publicación, distribución, etc. |
1986. |
| 300 ## - DESCRIPCIÓN FÍSICA |
| Extensión |
359 p. : |
| Otras características físicas |
il. ; |
| Dimensiones |
27 cm. |
| 490 1# - MENCIÓN DE SERIE |
| Mención de serie |
Anuarios de Estudios |
| -- |
anejo |
| Designación de volumen o secuencia |
14 |
| 504 ## - NOTA DE BIBLIOGRAFÍA, ETC. |
| Nota de bibliografía, etc. |
Incluye referencias bibliográficas y notas al pie de las páginas |
| 710 2# - PUNTO DE ACCESO ADICIONAL--NOMBRE DE ENTIDAD CORPORATIVA |
| Nombre de entidad corporativa o nombre de jurisdicción como elemento de entrada |
Consejo Superior de Invesigaciones Científicas |
| 9 (RLIN) |
67474 |
| 830 #0 - PUNTO DE ACCESO ADICIONAL DE SERIE-TÍTULO UNIFORME |
| Título uniforme |
Anuarios de Estudios |
| Nombre de parte o sección de la obra |
anejo |
| Número de parte o sección de la obra |
14 |
| 9 (RLIN) |
67516 |